000 00583nam a22002057a 4500
003 LK-CoMWRAF
005 20231215120208.0
008 231215b2011 |||||||| |||| 00| 0 eng d
020 _a9789551534172
040 _aLK-CoMWRAF
_dLK-CoMWRAF
_eLK-CoMWRAF
041 _aeng
082 _a302.14
_bHAP
100 _aHaputhanthri, Hasini
245 _aCultural Fluency:
_ba transformative agenda for caring communities
260 _aColombo:
_bGIZ,
_c2011
300 _a115 p.
_bBibliography included
650 _aSOCIAL INTERACTION
700 _aAbeysekara, Sunila
_eed.
942 _cBK
999 _c4482
_d4482